Größte Stadt nach Fluss - Statistiken

Allgemein
  • Dieses Quiz wurde 704 mal gespielt
  • Das Durchschnittsergebnis liegt bei 10 aus 21
Antwortstatistiken
Fluss Stadt % Korrekt
Nil Kairo
99%
Seine Paris
94%
Themse London
93%
Donau Budapest | Wien
91%
Tiber Rom
71%
Weichsel Warschau
70%
Kongo Kinshasa
59%
Jangtse Shanghai
59%
Tigris Bagdad
57%
Dnieper Kiew
56%
Río de la Plata Buenos Aires
53%
Missouri St. Louis / Kansas City
39%
Neva St. Petersburg
35%
St. Lawrence Montreal
31%
Loire Nantes
25%
Ohio Pittsburgh / Cincinnati
17%
Han Seoul | Wuhan
16%
Rio Grande Juarez / El Paso
15%
Mississippi Minneapolis
11%
Indus Hyderabad
7%
Columbia Portland
6%
Keine übereinstimmenden Quizze gefunden
Verteilung der Resultate
Anzahl Personen mit jedem Resultat
Perzentil nach korrekt beantworteten Fragen
Ihre Resultats-Entwicklung
Sie haben dieses Quiz noch nicht gespielt